مكتبة جامعة عجلون الوطنية

فهرس بحث المكتبة

الضوابط القانونية للتحكيم بالصلح = Legal controls for conciliation arbitration / (Record no. 33647)

MARC details
000 -LEADER
fixed length control field 00915nam a22001937a 4500
003 - CONTROL NUMBER IDENTIFIER
control field JO-AjAnu
005 - DATE AND TIME OF LATEST TRANSACTION
control field 20240918115656.0
008 - FIXED-LENGTH DATA ELEMENTS--GENERAL INFORMATION
fixed length control field 240908b jo ||||| |||| 00| 0 ara d
040 ## - CATALOGING SOURCE
Original cataloging agency JO-AjAnu
Transcribing agency JO-AjAnu
041 ## - LANGUAGE CODE
Language code of text/sound track or separate title ara
100 #1 - MAIN ENTRY--PERSONAL NAME
Personal name المستريحي، اسماعيل محمد علي
9 (RLIN) 66148
Relator term معد
245 20 - TITLE STATEMENT
Title الضوابط القانونية للتحكيم بالصلح = Legal controls for conciliation arbitration /
Statement of responsibility, etc. إعداد اسماعيل محمد علي المستريحي ؛ إشراف محمد علي بني مقداد
260 ## - PUBLICATION, DISTRIBUTION, ETC.
Date of publication, distribution, etc. 2024
300 ## - PHYSICAL DESCRIPTION
Extent 157ورقة
500 ## - GENERAL NOTE
General note رسالة جامعية (ماجستير) .- جامعة عجلون الوطنية (عجلون، الأردن)، كلية الحقوق، قسم القانون ، 2024
650 70 - SUBJECT ADDED ENTRY--TOPICAL TERM
Topical term or geographic name entry element التحكيم - الصلح
9 (RLIN) 66149
700 #1 - ADDED ENTRY--PERSONAL NAME
Personal name بني مقداد، محمد علي
9 (RLIN) 66150
Relator term مشرف
942 ## - ADDED ENTRY ELEMENTS (KOHA)
Source of classification or shelving scheme Library of Congress Classification
Koha item type Thesis
Suppress in OPAC No
Holdings
Withdrawn status Lost status Source of classification or shelving scheme Damaged status Not for loan Home library Current library Date acquired Total Checkouts Full call number Barcode Date last seen Price effective from Koha item type
    Library of Congress Classification     مكتبة جامعة عجلون الوطنية مكتبة جامعة عجلون الوطنية 08/09/2024   K2400 2024 A30001 08/09/2024 08/09/2024 Thesis
    Library of Congress Classification     مكتبة جامعة عجلون الوطنية مكتبة جامعة عجلون الوطنية 08/09/2024   K2400 2024 A30000 08/09/2024 08/09/2024 Thesis